00442 2200169 4500001002100000005001500021008004100036020002200077035001900099082001000118090001600128100001100144245003900155260003100194300001800225650002900243INLIS00000000000983220241224113908241224||||||||| | ||| |||| ||  a978-602-9186-47-5 0010-12240098320 a746.2 a746.2 YOH r0 aYohana00aRajut Untuk Hiasan Peralatan Dapur aSurabayabTiara Aksac2012 a72 hlm; 21 cm 0aIlmu Kesenian & Olahraga